01666nam a2200265Ia 450000100060000000300090000600800410001504000130005604000130006904100130008210000140009510000290010924500230013824500230016125000110018426000140019526000120020926000450022130000430026650009860030965000250129565000310132070000210135170000280137214281IT-RoPAU130308s9999 xx 000 0 und d aIT-RoPAU cIT-RoPAU aITALIANO aMarx Karl gCodice Aut. SPICS: 4072 aScritti sull'arte  bScritti sull'arte  a2a ed. aROMA/BARI bLaterza c1974 [1° Ed.:1967 - Ed.Ling.Originale:] a"240 p. (prefazione: no ; testo: 240)" aIntroduzione di Carlo Salinari Questioni Generali di Orientamento materialismo Storico Idee Universali e Classi dominanti Tradizioni Storiche Condizionamento Storico dell'arte Sviluppo Storico del Senso Artistico ruolo del Lavoro nel Processo formativo dell'arte Marxismo Volgarec Storia dell'arte e della Letteratura Tragedia Greca di Eschilo Antica Schiavitu' e Cultura Mondiale Amore Sessuale Individuale nella Letteratura Antica e Medievale Epoca del Rinascimento Dante Robinson Crusoe Diderot Rousseau Goethe Chateaubriand Thomas Carlyle Realismo di Balzac Tragedia rivoluzionaria Società Capitalistica e Suoi riflessi nell'Arte Divisione del Lavoro e Coscienza Sociale patologia Industriale Lavoro Intellettuale e Manuale nella Società Capitalistica Alienazione potenza Modificatrice del Denaro Arte e Modo di Produzione Borghese impiego del Lavoro Artistico nella Società Capitalistica Fine della classe dominante Umanesimo Socialista Arte nella Società Comunista aSAGGI DI ESTETOLOGIA eCodice materia Spics: 5111 aEngels Friedrich gCodice Aut. SPICS: 6937